Online
Catalog

Metodología para la medición del déficit habitacional en República Dominicana 20018. / (Record no. 52078)

MARC details
000 -CABECERA
campo de control de longitud fija 01363nam a2200301 a 4500
003 - IDENTIFICADOR DEL NÚMERO DE CONTROL
campo de control DO-SdBNP
005 - FECHA Y HORA DE LA ÚLTIMA TRANSACCIÓN
campo de control 20250221073755.0
007 - CAMPO FIJO DE DESCRIPCIÓN FÍSICA--INFORMACIÓN GENERAL
campo de control de longitud fija ta
008 - DATOS DE LONGITUD FIJA--INFORMACIÓN GENERAL
campo de control de longitud fija 220621e2018 dr adb|fr|||| 001 0 spa d
040 ## - FUENTE DE LA CATALOGACIÓN
Centro catalogador/agencia de origen DO-SdBNP
Lengua de catalogación spa
Centro/agencia transcriptor BNPHU
082 #4 - NÚMERO DE LA CLASIFICACIÓN DECIMAL DEWEY
Número de edición 22
Número de documento/Ítem M593m
245 10 - MENCIÓN DE TÍTULO
Título Metodología para la medición del déficit habitacional en República Dominicana 20018. /
Mención de responsabilidad, etc. Fotografía, Francisco Escolástico
260 ## - PUBLICACIÓN, DISTRIBUCIÓN, ETC.
Lugar de publicación, distribución, etc. Santo Domingo :
Nombre del editor, distribuidor, etc. Ministerio de Economía y Planificación (MEPyD),
Fecha de publicación, distribución, etc. [2018]
300 ## - DESCRIPCIÓN FÍSICA
Extensión 68 p. :
Otras características físicas il., gráf. mapas ;
Dimensiones 25 cm.
500 ## - NOTA GENERAL
Nota general Incluye bibliografía y notas al pié de páginas.
504 ## - NOTA DE BIBLIOGRAFÍA, ETC.
Nota de bibliografía, etc. Incluye bibliografía: p. 59
505 0# - NOTA DE CONTENIDO CON FORMATO
Nota de contenido con formato Presentación.
505 0# - NOTA DE CONTENIDO CON FORMATO
Nota de contenido con formato Introducción.
505 0# - NOTA DE CONTENIDO CON FORMATO
Nota de contenido con formato Siglas.
Título 1. Marco Contextual.--
-- 2. Aspectos Metodológicos.--
-- 3. Resultados obtenidos para el 2010.--
-- Conclusiones y Recomendaciones.--
-- Bibliografía.--
-- Anexo.
590 ## - NOTA LOCAL (RLIN)
Nota local Inventariado 2022 / MF
650 #4 - PUNTO DE ACCESO ADICIONAL DE MATERIA--TÉRMINO DE MATERIA
9 (RLIN) 34809
Término de materia o nombre geográfico como elemento de entrada Déficit Habitacional
Subdivisión general Estadísticas
Subdivisión geográfica República Dominicana
650 #4 - PUNTO DE ACCESO ADICIONAL DE MATERIA--TÉRMINO DE MATERIA
9 (RLIN) 4607
Término de materia o nombre geográfico como elemento de entrada Metodología
Subdivisión de forma Déficit Habitacional
Subdivisión general Investigación
700 1# - PUNTO DE ACCESO ADICIONAL--NOMBRE DE PERSONA
Nombre de persona Escolástico, Escolástico
Término indicativo de función/relación fotgr.
9 (RLIN) 81892
710 1# - PUNTO DE ACCESO ADICIONAL--NOMBRE DE ENTIDAD CORPORATIVA
Nombre de entidad corporativa o nombre de jurisdicción como elemento de entrada República Dominicana.
Unidad subordinada Ministerio de Economía, Planificación y Desarrollo
9 (RLIN) 66142
710 1# - PUNTO DE ACCESO ADICIONAL--NOMBRE DE ENTIDAD CORPORATIVA
Nombre de entidad corporativa o nombre de jurisdicción como elemento de entrada República Dominicana.
Unidad subordinada Oficina Nacional de Estadística
9 (RLIN) 5775
910 ## - DATOS DE OPCIÓN DEL USUARIO (OCLC)
Datos de opción del usuario MFeliz
942 ## - ELEMENTOS DE PUNTO DE ACCESO ADICIONAL (KOHA)
Fuente del sistema de clasificación o colocación Dewey Decimal Classification
Tipo de ítem Koha Libro
Holdings
Estado de retiro Estado de pérdida Fuente del sistema de clasificación o colocación Restricciones de uso No para préstamo Código de colección Localización permanente Ubicación/localización actual Ubicación en estantería Fecha de adquisición Fuente de adquisición Total de préstamos Signatura topográfica completa Código de barras Fecha visto por última vez Precio válido a partir de Tipo de ítem Koha
    Dewey Decimal Classification Excluido de préstamo   Patrimonio Dominicano Biblioteca Nacional Pedro Henríquez Ureña Biblioteca Nacional Pedro Henríquez Ureña En catalogación 13.12.2019 Depósito legal / ONE   M593m 2022-3092 21.06.2022 21.06.2022 Libro

Powered by Koha